[Event "Sueca op 5th"]
[Site "Sueca"]
[Date "2019.07.27"]
[Round "8"]
[White "Conde Rodado, Daniel"]
[Black "Moreno Torralba, David"]
[Result "1-0"]
[WhiteElo "1855"]
[BlackElo "2117"]
[PlyCount "59"]
[EventDate "2019.07.22"]
[EventType "swiss"]
[EventRounds "9"]
[EventCountry "ESP"]
[SourceTitle "EXT 2020"]
[Source "ChessBase"]
[SourceDate "2019.10.17"]
[SourceVersion "1"]
[SourceVersionDate "2019.10.17"]
[SourceQuality "1"]

1. e4 c5 2. Nf3 e6 3. Nc3 a6 4. d4 cxd4 5. Nxd4 Qc7 6. Be3 d6 7. Qd2 Nf6 8. a4 Be7 9. h3 0-0 10. Be2 Nbd7 11. f4 Nb6 12. 0-0 Nc4 13. Bxc4 Qxc4 14. e5 dxe5 15. fxe5 Nd5 16. Nxd5 Qxd5 17. Nf5 Bb4 18. Nh6+ gxh6 19. Qxb4 a5 20. Qf4 f6 21. exf6 Qh5 22. Rad1 Qf7 23. Qg3+ Kh8 24. Bxh6 Bd7 25. Bg7+ Kg8 26. Bxf8+ Kxf8 27. Qd6+ Ke8 28. Rf3 Bxa4 29. Rg3 Bxc2 30. Rg8+ 1-0

[Event "Benimodo U2200 op 11th"]
[Site "Benimodo"]
[Date "2016.08.19"]
[Round "1"]
[White "Conde Rodado, Daniel"]
[Black "Adell Corts, Francisco"]
[Result "0-1"]
[WhiteElo "1800"]
[BlackElo "2182"]
[PlyCount "78"]
[EventDate "2016.08.19"]
[EventType "swiss"]
[EventRounds "7"]
[EventCountry "ESP"]
[SourceTitle "EXT 2024"]
[Source "ChessBase"]
[SourceDate "2023.10.10"]
[SourceVersion "1"]
[SourceVersionDate "2023.10.10"]
[SourceQuality "1"]

1. e4 c5 2. Nf3 Nc6 3. d4 cxd4 4. Nxd4 Nf6 5. Nc3 e5 6. Ndb5 d6 7. Bg5 a6 8. Na3 Be6 9. Nc4 Be7 10. Qd2 b5 11. Bxf6 gxf6 12. Ne3 Rc8 13. Ncd5 0-0 14. Rd1 Kh8 15. Be2 Rg8 16. c3 Bf8 17. Bf3 Bh6 18. Qe2 Bxe3 19. Qxe3 Bxd5 20. Rxd5 Ne7 21. Rd2 f5 22. g3 fxe4 23. Bxe4 f5 24. Bb7 Rb8 25. Bg2 Qb6 26. Qd3 Rg6 27. 0-0 Rf8 28. Kh1 e4 29. Qd4+ Qxd4 30. Rxd4 d5 31. a4 Rb8 32. Rb4 Nc6 33. Rb3 bxa4 34. Rxb8+ Nxb8 35. Rd1 Rb6 36. Rxd5 Rxb2 37. Bh3 a3 38. Ra5 a2 39. Kg2 e3 0-1

[Event "Provincial-ch Valencia Primera"]
[Site "Valencia"]
[Date "2009.11.21"]
[Round "7"]
[White "Andres Miguel, Andres"]
[Black "Conde Rodado, Daniel"]
[Result "1/2-1/2"]
[WhiteElo "1785"]
[BlackElo "1817"]
[PlyCount "24"]
[EventDate "2009.10.03"]
[EventType "swiss"]
[EventRounds "7"]
[EventCountry "ESP"]
[SourceTitle "EXT 2024"]
[Source "ChessBase"]
[SourceDate "2023.10.10"]
[SourceVersion "1"]
[SourceVersionDate "2023.10.10"]
[SourceQuality "1"]

1. d4 Nf6 2. c4 g6 3. Nc3 Bg7 4. e4 d6 5. Nf3 0-0 6. Be2 c5 7. 0-0 cxd4 8. Nxd4 Nc6 9. Be3 Nd7 10. Rc1 Nb6 11. a3 Ne5 12. b3 Nc6 1/2-1/2

[Event "Provincial-ch Valencia Primera"]
[Site "Valencia"]
[Date "2009.10.31"]
[Round "3"]
[White "Conde Rodado, Daniel"]
[Black "Romero Cuerda, Jose Luis"]
[Result "0-1"]
[WhiteElo "1817"]
[BlackElo "1643"]
[PlyCount "100"]
[EventDate "2009.10.03"]
[EventType "swiss"]
[EventRounds "7"]
[EventCountry "ESP"]
[SourceTitle "EXT 2024"]
[Source "ChessBase"]
[SourceDate "2023.10.10"]
[SourceVersion "1"]
[SourceVersionDate "2023.10.10"]
[SourceQuality "1"]

1. d4 d5 2. c4 e6 3. Nc3 Nf6 4. Bg5 Nbd7 5. e3 Be7 6. Nf3 c6 7. Be2 0-0 8. 0-0 Re8 9. c5 Nf8 10. Bf4 Ng6 11. Bg3 Nd7 12. Bd3 Bf6 13. b4 e5 14. dxe5 Ngxe5 15. Nd4 Nxd3 16. Qxd3 Ne5 17. Qd1 Nc4 18. b5 Bxd4 19. exd4 Bf5 20. Qf3 Qd7 21. bxc6 bxc6 22. Rfe1 Re6 23. h3 Rae8 24. Rxe6 Qxe6 25. Qf4 h6 26. Na4 Qe4 27. Qxe4 Rxe4 28. Rd1 Re2 29. Bb8 Bc2 30. Nc3 Bxd1 31. Nxe2 Bxe2 32. Bxa7 Na3 33. Bb8 Bc4 34. f3 Bxa2 35. Kf2 Bc4 36. g3 Nb5 37. Ke3 g5 38. Be5 Kh7 39. f4 Kg6 40. Bb8 f6 41. fxg5 hxg5 42. h4 gxh4 43. gxh4 Nc3 44. Bg3 Ne4 45. Be1 Kf5 46. Kf3 Bd3 47. Ke3 Ba6 48. Kf3 Bc8 49. Ke3 Kg4 50. Kd3 Ba6+ 0-1

[Event "Provincial-ch Valencia Primera"]
[Site "Valencia"]
[Date "2009.10.03"]
[Round "1.10"]
[White "Conde Rodado, Daniel"]
[Black "Del Rosario Hervas, Enrique Mar"]
[Result "1-0"]
[WhiteElo "1817"]
[BlackElo "1825"]
[PlyCount "103"]
[EventDate "2009.10.03"]
[EventType "swiss"]
[EventRounds "7"]
[EventCountry "ESP"]
[SourceTitle "EXT 2024"]
[Source "ChessBase"]
[SourceDate "2023.10.10"]
[SourceVersion "1"]
[SourceVersionDate "2023.10.10"]
[SourceQuality "1"]

1. d4 d5 2. c4 e6 3. Nc3 Nf6 4. Bg5 Be7 5. e3 0-0 6. Nf3 Nbd7 7. Qb3 c6 8. Rc1 h6 9. Bf4 Nh5 10. Bg3 Nxg3 11. hxg3 Nf6 12. Bd3 dxc4 13. Qxc4 Nd5 14. a3 Qd6 15. Ne4 Qd8 16. Ke2 Bd7 17. Rh2 b6 18. b4 f5 19. Ned2 Be8 20. Ne5 Rc8 21. Nb3 b5 22. Qc2 Bd6 23. Nc5 Qc7 24. f4 Nf6 25. e4 fxe4 26. Bxe4 Nxe4 27. Qxe4 Bxe5 28. dxe5 Rd8 29. Nb3 Qd7 30. Rhh1 Qd5 31. Qxd5 cxd5 32. Nd4 Bf7 33. Nxb5 d4 34. Nd6 Bg6 35. Rc7 Bf5 36. Nxf5 exf5 37. Rxa7 d3+ 38. Kd2 Rd4 39. Re1 Rc8 40. Rc1 Rxc1 41. Kxc1 Re4 42. Rd7 Re1+ 43. Kd2 Re2+ 44. Kc3 Rc2+ 45. Kb3 Rxg2 46. Rxd3 Kf7 47. Kc4 g5 48. Kd5 Rf2 49. b5 g4 50. b6 Rf3 51. Kd4 Rf1 52. Rb3 1-0

[Event "Cullera Bahia op 15th"]
[Site "Cullera"]
[Date "2009.07.23"]
[Round "3"]
[White "Urios Hernandez, Ramon"]
[Black "Conde Rodado, Daniel"]
[Result "1/2-1/2"]
[WhiteElo "1996"]
[BlackElo "1776"]
[PlyCount "102"]
[EventDate "2009.07.21"]
[EventType "swiss"]
[EventRounds "9"]
[EventCountry "ESP"]
[SourceTitle "EXT 2010"]
[Source "ChessBase"]
[SourceDate "2010.11.25"]
[SourceVersion "1"]
[SourceVersionDate "2010.11.25"]
[SourceQuality "1"]

1. e4 c5 2. c4 Nc6 3. Nc3 e6 4. g3 Nf6 5. Bg2 a6 6. Nge2 d6 7. 0-0 g6 8. d3 Bg7 9. f4 Nd7 10. Be3 Nd4 11. Rb1 0-0 12. b4 e5 13. a4 Qc7 14. Nd5 Qd8 15. h3 Nf6 16. fxe5 Nxd5 17. Bxd4 Nxb4 18. exd6 Bxd4+ 19. Nxd4 Qxd6 20. Ne2 Qxd3 21. Qxd3 Nxd3 22. Nc3 Ne5 23. Rfc1 Rb8 24. Nd5 Nc6 25. Rb6 Kg7 26. Rcb1 Ra8 27. Nc7 Ra7 28. Kf2 Ne5 29. Bf1 Nd7 30. Rd6 b5 31. cxb5 Rxc7 32. b6 Rb7 33. Bxa6 Rxb6 34. Rdxb6 Nxb6 35. Rxb6 Bxh3 36. Bb7 Rb8 37. a5 Bc8 38. a6 Bxb7 39. Rxb7 Ra8 40. a7 h5 41. e5 g5 42. e6 c4 43. Rxf7+ Kg6 44. Rc7 Kf6 45. e7 c3 46. Ke2 c2 47. Kd2 h4 48. gxh4 gxh4 49. Kxc2 h3 50. Rb7 Rc8+ 51. Kd2 h2 1/2-1/2